000
00282nam a2200121 a 4500
003
DO-SdBNP
005
20230509110706.0
008
110719s1995 000 spa d
040
_a
DO-SdBNP
_b
spa
_c
BNPHU
245
0
_a
Memoria anual 1995.
260
_c
[1995?].
942
_2
ddc
_c
LBS1
999
_c
32105
_d
32105